| 000 | 00583nam a22002417a 4500 | ||
|---|---|---|---|
| 003 | Nust | ||
| 005 | 20210321112926.0 | ||
| 008 | 161207b xxu||||| |||| 00| 0 eng d | ||
| 020 | _a9695190154 (hbk) | ||
| 020 | _a9695190146 | ||
| 038 | _a0 | ||
| 040 | _cNust | ||
| 041 | _heng | ||
| 082 |
_a297.03 _bNAS |
||
| 100 |
_aNasr, Seyyed Hossein _9181 |
||
| 245 | _a Encyclopedia of Islamic spirituality | ||
| 260 |
_aLahore: _bSuhail academy, _c2002. |
||
| 300 | _a548p | ||
| 500 | _aEncyclopedia | ||
| 563 | _aukn | ||
| 650 |
_aIslamic philosophy _95647 |
||
| 942 |
_2ddc _cBK |
||
| 999 |
_c332050 _d332050 |
||